Top 10 Most Federally Owned U.S. States - Statistics

General Stats
  • This quiz has been taken 105 times
  • The average score is 9 of 10
Answer Stats
% State % Correct
84.9 Nevada
94%
61.6 Idaho
93%
48.1 Wyoming
90%
61.2 Alaska
89%
35.9 Colorado
89%
64.9 Utah
89%
38.6 Arizona
86%
45.8 California
85%
34.7 New Mexico
84%
52.9 Oregon
83%
No matching quizzes found
Score Distribution
Percent of People with Each Score
Percentile by Number Answered
Your Score History
You have not taken this quiz